书目信息 |
| 题名: |
图书馆管理与开发利用研究
|
|
| 作者: | 刘方方 , 赵晓丹 丹著 | |
| 分册: | ||
| 出版信息: | 天津 天津科学技术出版社 2020.7 |
|
| 页数: | 223页 | |
| 开本: | 26cm | |
| 丛书名: | ||
| 单 册: | ||
| 中图分类: | G251 , G252.65 | |
| 科图分类: | ||
| 主题词: | 图书馆管理--tu shu guan guan li--研究 , 图书馆利用--tu shu guan li yong--研究 | |
| 电子资源: | ||
| ISBN: | 978-7-5576-8428-0 | |
| 000 | 01226nam0 2200265 450 | |
| 001 | 2158005403 | |
| 005 | 20211011172911.0 | |
| 010 | @a978-7-5576-8428-0@dCNY58.00 | |
| 100 | @a20200713d2020 em y0chiy0110 ea | |
| 101 | 0 | @achi |
| 102 | @aCN@b120000 | |
| 105 | @ay z 000yy | |
| 106 | @ar | |
| 200 | 1 | @a图书馆管理与开发利用研究@Atu shu guan guan li yu kai fa li yong yan jiu@f刘方方,赵晓丹著 |
| 210 | @a天津@c天津科学技术出版社@d2020.7 | |
| 215 | @a223页@d26cm | |
| 330 | @a本书系统介绍了现代图书馆管理的原理、方法和职能,并将现代管理中的战略管理、再造工程、全面质量管理、服务管理、人力资源管理、经费管理、组织文化与公共关系、危机管理等理论与方法纳入图书馆管理的内容,用现代管理理论解决图书馆管理中的实际问题。本书观点新颖,条理清晰,排版规范,具有较高的阅读价值,既可作为高等学校图书馆学专业、信息管理与信息系统专业和档案学专业的教材或教学参考书,亦可作为图书情报机构管理者和业务工作者的进修读物或培训教材。 | |
| 606 | 0 | @a图书馆管理@Atu shu guan guan li@x研究 |
| 606 | 0 | @a图书馆利用@Atu shu guan li yong@x研究 |
| 690 | @aG251@v5 | |
| 690 | @aG252.65@v5 | |
| 701 | 0 | @a刘方方@Aliu fang fang@4丹著 |
| 701 | 0 | @a赵晓丹@Azhao xiao dan@4著 |
| 801 | 0 | @aCN@b百万庄@c20211007 |
| 905 | @b1306349-352@dG251@e43@f4 | |
| 图书馆管理与开发利用研究/刘方方,赵晓丹著.-天津:天津科学技术出版社,2020.7 |
| 223页;26cm |
| ISBN 978-7-5576-8428-0:CNY58.00 |
| 本书系统介绍了现代图书馆管理的原理、方法和职能,并将现代管理中的战略管理、再造工程、全面质量管理、服务管理、人力资源管理、经费管理、组织文化与公共关系、危机管理等理论与方法纳入图书馆管理的内容,用现代管理理论解决图书馆管理中的实际问题。本书观点新颖,条理清晰,排版规范,具有较高的阅读价值,既可作为高等学校图书馆学专业、信息管理与信息系统专业和档案学专业的教材或教学参考书,亦可作为图书情报机构管理者和业务工作者的进修读物或培训教材。 |
| ● |
| 相关链接 |
|
|
|
|
正题名:图书馆管理与开发利用研究
索取号:G251/43
 
预约/预借
| 序号 | 登录号 | 条形码 | 馆藏地/架位号 | 状态 | 备注 |
| 1 | 1306349 | 213063496 | 第一样本阅览室/ [索取号:G251/43] | 在馆 | |
| 2 | 1306350 | 213063502 | 第四借阅区/ [索取号:G251/43] | 在馆 | |
| 3 | 1306351 | 213063511 | 第四借阅区/ [索取号:G251/43] | 在馆 | |
| 4 | 1306352 | 213063520 | 第四借阅区/ [索取号:G251/43] | 在馆 |